| 000 | 00891nam a2200217 a 4500 | ||
|---|---|---|---|
| 005 | 20240925064642.0 | ||
| 008 | 991125s1938 mx 000 0 spa u | ||
| 035 | _aUPN01000054987 | ||
| 049 | _aSEP | ||
| 050 | 4 |
_aLB1561 _bS9.6 |
|
| 245 | 0 | 0 |
_aSugestiones para el trabajo escolar : _btexto documental sobre el asunto del petróleo. |
| 260 |
_aMéxico : _bSEP, _c1938. |
||
| 300 |
_a113 p., [4] h. pleg. : _bil. |
||
| 500 | _a1er. ciclo: Cómo es un campo petrolero -- 2 ciclo: Construcción de un campo petrolero en miniatura -- 3er. ciclo: La industria petrolera en México | ||
| 500 | _aA la cabeza de la portada: Secretaría de Educación Pública. Departamento de Psicopedagogía y Médico Escolar | ||
| 500 | _aDisponible en la Colección Medina | ||
| 650 | 4 |
_aMaestros _vManuales _9829 |
|
| 650 | 4 |
_aMétodo global _912886 |
|
| 650 | 4 |
_aPetróleo _zMéxico _920217 |
|
| 905 | _aLibro | ||
| 999 |
_c54987 _d54987 |
||